000 00258nam a22001097a 4500
082 _a320
100 _aVision,IAS
_981515
245 _aGeneral Studies Notes Governance 17/22
260 _aDelhi
_bVision,IAS
_c2022
650 _aPolitical Science
942 _cBK
999 _c65547
_d65547